[Event "RUS-chT Premier 2019"]
[Site "Sochi"]
[Date "2019.05.05"]
[Round "5.3"]
[White "Kobalia, Mikhail"]
[Black "Pershin, Denis"]
[Result "1-0"]
[WhiteElo "2610"]
[BlackElo "2409"]
[Annotator "RC"]
[PlyCount "77"]
[EventDate "2019.05.01"]
[EventType "team-tourn"]
[EventCountry "RUS"]
[SourceTitle "playchess.com"]
[Source "ChessBase"]
[SourceQuality "1"]
[TimeControl "40/5400+30:1800+30"]

1. Nf3 {[%emt 0:00:00]} d5 {[%emt 0:00:00]} 2. d4 {[%emt 0:00:35]} Nf6 {[%emt 0:00:00]} 3. c4 {[%emt 0:00:04]} c6 {[%emt 0:00:01]} 4. Nc3 {[%emt 0:00:36]} e6 {[%emt 0:00:08]} 5. e3 {[%emt 0:00:33]} Nbd7 {[%emt 0:00:07]} 6. Qc2 {[%emt 0:00:05]} Bd6 {[%emt 0:00:10]} 7. Bd3 {[%emt 0:00:06]} O-O {[%emt 0:00:23]} 8. O-O {[%emt 0:00:04]} dxc4 {[%emt 0:00:17]} 9. Bxc4 {[%emt 0:00:05]} b5 {[%emt 0:01:20]} 10. Bd3 {[%emt 0:03:30]} Bb7 {[%emt 0:00:18]} 11. a3 {[%emt 0:01:45]} a5 {[%emt 0:00:54]} 12. Rd1 {[%emt 0:09:38]} Qc7 {[%emt 0:03:28]} 13. e4 {[%emt 0:03:50]} e5 {[%emt 0:00:16]} 14. h3 {[%emt 0:01:18]} Rfe8 {[%emt 0:06:43]} 15. Bg5 {[%emt 0:06:23]} h6 {[%emt 0:27:52]} 16. Bxf6 {[%emt 0:05:23]} Nxf6 {[%emt 0:00:16]} 17. Rac1 {[%emt 0:02:01]} exd4 {[%emt 0:05:01]} 18. Nxb5 {[%emt 0:01:53]} cxb5 {[%emt 0:00:06]} 19. Qxc7 {[%emt 0:00:03]} Bxc7 {[%emt 0:00:06]} 20. Rxc7 {[%emt 0:00:03]} Bxe4 {[%emt 0:00:07]} 21. Bxb5 {[%emt 0:01:19]} Bxf3 {[%emt 0:00:19]} 22. gxf3 {[%emt 0:00:05]} Red8 {[%emt 0:14:19]} 23. Bc4 {[%emt 0:07:25]} Kh7 {[%emt 0:28:29]} 24. Rxf7 {[%emt 0:01:29]} Rac8 {[%emt 0:00:45]} 25. Bd3+ {[%emt 0:04:49]} Kg8 {[%emt 0:00:15]} 26. Ra7 {[%emt 0:00:22]} Rc5 {[%emt 0:00:15]} 27. Re1 {[%emt 0:03:54]} Nh5 {[%emt 0:02:48]} 28. Re4 {[%emt 0:03:30]} Rc1+ {[%emt 0:01:01]} 29. Kh2 {[%emt 0:00:54]} Rd1 {[%emt 0:00:52]} 30. Bc4+ {[%emt 0:03:04]} Kh8 {[%emt 0:00:07]} 31. Re5 {[%emt 0:02:17]} Nf6 {[%emt 0:00:17]} 32. Rexa5 {[%emt 0:01:18]} Kh7 {[%emt 0:01:01]} 33. Be6 {[%emt 0:02:54]} h5 {[%emt 0:02:15]} 34. Rg5 {[%emt 0:00:49]} d3 {[%emt 0:01:15]} 35. Rgxg7+ {[%emt 0:02:57]} Kh6 {[%emt 0:01:09]} 36. Bf5 {[%emt 0:00:33]} Rg8 {[%emt 0:00:14]} 37. Rxg8 {[%emt 0:00:10]} Nxg8 {[%emt 0:00:06]} 38. f4 {[%emt 0:00:24]} Nf6 {[%emt 0:00:11]} 39. Rf7 {[%emt 0:00:06]} 1-0

[Event "RUS-chT Premier 2019"]
[Site "Sochi"]
[Date "2019.05.05"]
[Round "5.4"]
[White "Shubin, Kirill"]
[Black "Grachev, Boris"]
[Result "1/2-1/2"]
[WhiteElo "2404"]
[BlackElo "2615"]
[Annotator "TA"]
[PlyCount "83"]
[EventDate "2019.05.01"]
[EventType "team-tourn"]
[EventCountry "RUS"]
[SourceTitle "playchess.com"]
[Source "ChessBase"]
[SourceQuality "1"]

{[%evp 9,83,1,0,4,17,11,8,5,28,18,16,2,10,0,2,17,22,0,0,0,0,0,0,-12,-12,-8,-2,-36,0,0,0,0,0,0,0,0,14,11,16,28,12,11,89,86,254,229,244,219,720,716,714,0,0,0,721,717,711,704,704,697,696,681,635,618,711,0,0,0,0,0,0,0,0,0,0,0]} 1. e4 c5 2. Nf3 e6 3. g3 Nc6 4. Bg2 Nf6 5. Qe2 d5 6. exd5 {B40: Sicilian: 2...e6, Unusual lines} Nxd5 7. O-O Be7 8. Rd1 Qb6 9. c3 O-O 10. d4 cxd4 11. Nxd4 Nxd4 12. Rxd4 Re8 13. a4 $146 Bd7 14. Nd2 Bf6 15. Rd3 Bc6 16. Ne4 Be7 17. b4 {b5 is the strong threat.} a6 18. Bb2 (18. Be3 $5 Nxe3 19. a5 $15) 18... Nf6 19. Nxf6+ Bxf6 20. a5 Qb5 21. Bxc6 bxc6 22. Qe4 c5 23. c4 Qxb4 24. Bxf6 gxf6 25. Rad1 Qxa5 (25... Rab8 $11 {keeps the balance.}) 26. Qg4+ $1 $16 Kh8 $2 (26... Kf8 $16) 27. Qh4 Kg7 28. Rf3 $1 {[%mdl 1024] White has strong compensation.} f5 $2 (28... Kg8 29. Qxf6 Qc7) 29. Qg5+ $18 Kf8 {[#]} 30. Qh6+ $2 ({Only move:} 30. Rfd3 $1 $18) 30... Kg8 $11 31. Rfd3 {Black must now prevent g4!} Kh8 $2 {[%mdl 8192] [#]} (31... Qa4 $11) 32. g4 $1 $18 {[%mdl 512]} fxg4 33. Qf6+ {[%mdl 64] Double Attack} Kg8 34. Qg5+ Kh8 {intending ...Qa4.} 35. Qe5+ Kg8 36. Rd7 {Intending Qg5+ and mate.} h6 {[#] aiming for ...Rad8.} 37. Rxf7 $2 (37. Qf4 $1 $18 {[%mdl 512]} Rf8 38. Qxg4+ Kh7 39. Qe4+ Kg8 40. Kh1) 37... Kxf7 $11 {The position is equal.} 38. Qh5+ $1 Kg8 39. Qg6+ Kf8 $1 40. Qxh6+ Kg8 {Threatens to win with ...Qc7.} 41. Qg5+ Kf8 {Strongly threatening ...Qc7.} 42. Qf6+ {Accuracy: White = 63%, Black = 44%.} 1/2-1/2

[Event "RUS-chT Premier 2019"]
[Site "Sochi"]
[Date "2019.05.05"]
[Round "5.5"]
[White "Popov, Ivan"]
[Black "Timerkhanov, Alexander"]
[Result "1-0"]
[WhiteElo "2600"]
[BlackElo "2366"]
[Annotator "TA"]
[PlyCount "47"]
[EventDate "2019.05.01"]
[EventType "team-tourn"]
[EventCountry "RUS"]
[SourceTitle "playchess.com"]
[Source "ChessBase"]
[SourceQuality "1"]

{[%evp 22,47,54,49,52,41,52,45,89,64,54,40,51,48,45,50,214,204,237,231,227,192,229,145,29994,29995,29995,29996]} 1. e4 c6 2. Nf3 d5 3. exd5 cxd5 4. Ne5 Nf6 5. d4 Nc6 6. c3 g6 7. Bd3 Bg7 8. Qe2 O-O 9. O-O Bf5 10. Bxf5 gxf5 11. Bf4 e6 12. Nd2 Nxe5 $146 {B13: Caro-Kann: Exchange Variation and Panov-Botvinnik Attack} ({Predecessor:} 12... Ne7 13. h3 Ng6 14. Bh2 Ne4 15. Nd3 Qb6 16. Kh1 Rac8 17. Nf3 Qa6 18. Kg1 Rfe8 19. Rfe1 Qb5 20. a3 {1-0 (58) Burg,T (2514)-Pantsulaia,L (2597) chess.com INT 2019}) 13. dxe5 {Strongly threatening Bg5.} Ne4 14. Nb3 {f3 is the strong threat.} Rc8 {White is slightly better.} 15. f3 Nc5 16. Nd4 Qb6 17. Rfd1 Nd7 18. Kh1 a5 $2 ({Better is} 18... Rce8 $14) 19. g4 $18 fxg4 {[#]} 20. Rg1 $1 h5 21. fxg4 h4 {[#]} 22. Nf5 $1 {[%mdl 512] White wants to mate with Ne7+.} Rc4 $2 {[%mdl 8192] [#]} (22... Rfe8 $16 23. Nd6 {[%mdl 64] Double Attack} Qc6) (22... exf5 23. gxf5) 23. Ne7+ $1 Kh7 24. g5 {Accuracy: White = 50%, Black = 25%.} 1-0

[Event "RUS-chT Premier 2019"]
[Site "Sochi"]
[Date "2019.05.05"]
[Round "5.6"]
[White "Golikov, Daniil"]
[Black "Gordievsky, Dmitry"]
[Result "0-1"]
[WhiteElo "2271"]
[BlackElo "2585"]
[Annotator "TA"]
[PlyCount "64"]
[EventDate "2019.05.01"]
[EventType "team-tourn"]
[EventCountry "RUS"]
[SourceTitle "playchess.com"]
[Source "ChessBase"]
[SourceQuality "1"]

{[%evp 12,64,4,-3,-5,-29,-8,-20,-12,-31,-18,-14,-17,-18,-6,-11,17,-1,0,0,0,0,0,-10,-4,-12,0,0,-1,-11,-16,-19,-7,-7,-7,-7,-5,-7,-5,-21,-10,-10,-9,-52,0,0,0,0,0,0,0,0,0,-483,-468]} 1. c4 g6 2. Nc3 Bg7 3. g3 e6 4. Bg2 Ne7 5. e4 c5 6. Nge2 Nbc6 7. O-O O-O {A36: Symmetrical English vs ...g6: 4 Bg2 Bg7} (7... d6 8. d3 O-O 9. Rb1 b6 10. Be3 Nd4 11. Qd2 Nec6 12. Bh6 Bd7 13. Bxg7 Kxg7 14. f4 Rb8 15. Nxd4 Nxd4 16. b4 f5 17. Ne2 Qf6 18. a3 Nxe2+ 19. Qxe2 Qd4+ 20. Qf2 Qxf2+ {½-½ (20) Dominguez Perez,L (2732)-Vallejo Pons,F (2684) Berlin 2015}) 8. f4 d6 9. Rb1 a6 $146 {The position is equal.} ({Predecessor:} 9... Rb8 10. a3 b6 11. b4 Nd4 12. Nxd4 cxd4 13. Ne2 f5 14. d3 Kh8 15. Bb2 {0-1 (33) Lodes,H (2151)-Hoffmann,P (2333) Nuremberg 2009}) 10. a3 b5 11. d3 Rb8 12. Be3 Nd4 13. b4 e5 (13... bxc4 {seems wilder.} 14. dxc4 e5 15. Qd3 Bg4 16. h3 Be6) 14. cxb5 (14. fxe5 {is more complex.} Bxe5 15. Qd2 bxc4 16. dxc4 Nxe2+ 17. Nxe2 Be6 18. Rfc1) 14... exf4 15. Bxf4 {Strongly threatening bxc5.} Nxe2+ 16. Nxe2 {[#] Threatens to win with bxc5.} Rxb5 17. bxc5 dxc5 18. Be3 Rxb1 19. Qxb1 Bg4 20. Bf3 Bxf3 21. Rxf3 Qa5 22. Qc2 Rc8 23. Qa2 c4 24. dxc4 Nc6 25. Rf1 Ne5 26. c5 $1 Bf8 27. Qd5 Bxc5 (27... Qc7 $1 $15 28. Rd1 Bxc5 29. Bxc5 Qxc5+ {[%mdl 64] Double Attack} 30. Kf1 Nc4 31. Qxc5 Rxc5) 28. Kh1 $1 $11 Qb5 ({Don't blunder} 28... Qxa3 $2 29. Bf4 $18) 29. Bxc5 Qxe2 30. Rf2 Qc4 31. Bd4 Ng4 32. Qxc4 $4 {[%mdl 8192] [#]} (32. Rf4 $11 {and White has nothing to worry.}) 32... Nxf2+ {Accuracy: White = 42%, Black = 77%.} ({Not} 32... Rxc4 33. Rd2 $11) 0-1

[Event "RUS-chT Premier 2019"]
[Site "Sochi"]
[Date "2019.05.05"]
[Round "5.7"]
[White "Iljiushenok, Ilia"]
[Black "Schekachikhin, Maksim"]
[Result "1/2-1/2"]
[WhiteElo "2534"]
[BlackElo "2424"]
[Annotator "ChessBase"]
[PlyCount "33"]
[EventDate "2019.05.01"]
[EventType "team-tourn"]
[EventCountry "RUS"]
[SourceTitle "playchess.com"]
[Source "ChessBase"]
[SourceQuality "1"]
[TimeControl "40/5400+30:1800+30"]

1. e4 {[%emt 0:00:00]} e6 {[%emt 0:00:00]} 2. d4 {[%emt 0:00:00]} d5 {[%emt 0:00:00]} 3. Nc3 {[%emt 0:00:00]} Bb4 {[%emt 0:00:00]} 4. e5 {[%emt 0:00:00]} Ne7 {[%emt 0:00:07]} 5. a3 {[%emt 0:00:00]} Bxc3+ {[%emt 0:00:07]} 6. bxc3 {[%emt 0:00:00]} c5 {[%emt 0:00:08]} 7. Qg4 {[%emt 0:00:23]} cxd4 {[%emt 0:00:39]} 8. Qxg7 {[%emt 0:00:06]} Rg8 {[%emt 0:00:04]} 9. Qxh7 {[%emt 0:00:03]} Qc7 {[%emt 0:00:40]} 10. Rb1 {[%emt 0:00:23]} Qxe5+ {[%emt 0:10:47]} 11. Ne2 {[%emt 0:00:21]} dxc3 {[%emt 0:04:28]} 12. h4 {[%emt 0:00:14]} Nbc6 {[%emt 0:04:10]} 13. Bf4 {[%emt 0:08:55]} Qf6 {[%emt 0:11:56]} 14. Bg5 {[%emt 0:00:46]} Qe5 {[%emt 0:05:42]} 15. Bf4 {[%emt 0:54:31]} Qf6 {[%emt 0:06:18]} 16. Bg5 {[%emt 0:01:48]} Qe5 {[%emt 0:01:13]} 17. Bf4 {[%emt 0:01:08]} 1/2-1/2

[Event "RUS-chT Premier 2019"]
[Site "Sochi"]
[Date "2019.05.05"]
[Round "5.8"]
[White "Duzhakov, Ilya"]
[Black "Nozdrachev, Vladislav"]
[Result "1/2-1/2"]
[WhiteElo "2388"]
[BlackElo "2489"]
[Annotator "ChessBase"]
[PlyCount "66"]
[EventDate "2019.05.01"]
[EventType "team-tourn"]
[EventCountry "RUS"]
[SourceTitle "playchess.com"]
[Source "ChessBase"]
[SourceQuality "1"]
[TimeControl "40/5400+30:1800+30"]

1. d4 {[%emt 0:00:00]} Nf6 {[%emt 0:00:00]} 2. c4 {[%emt 0:00:00]} e6 {[%emt 0:00:00]} 3. Nf3 {[%emt 0:00:00]} d5 {[%emt 0:00:00]} 4. Nc3 {[%emt 0:00:24]} c5 {[%emt 0:00:00]} 5. cxd5 {[%emt 0:00:36]} Nxd5 {[%emt 0:00:00]} 6. e4 {[%emt 0:00:42]} Nxc3 {[%emt 0:00:04]} 7. bxc3 {[%emt 0:00:08]} cxd4 {[%emt 0:00:03]} 8. cxd4 {[%emt 0:00:09]} Bb4+ {[%emt 0:00:04]} 9. Bd2 {[%emt 0:00:16]} Bxd2+ {[%emt 0:00:06]} 10. Qxd2 {[%emt 0:00:07]} O-O {[%emt 0:00:04]} 11. Bd3 {[%emt 0:12:40]} Nc6 {[%emt 0:04:13]} 12. e5 {[%emt 0:01:29]} b6 {[%emt 0:21:25]} 13. O-O {[%emt 0:19:09]} Bb7 {[%emt 0:02:00]} 14. Rad1 {[%emt 0:05:10]} Ne7 {[%emt 0:10:44]} 15. Bb1 {[%emt 0:05:08]} Qd5 {[%emt 0:07:13]} 16. Rfe1 {[%emt 0:05:54]} Rfd8 {[%emt 0:04:31]} 17. Qg5 {[%emt 0:02:57]} Rd7 {[%emt 0:08:57]} 18. Qg4 {[%emt 0:13:59]} h6 {[%emt 0:03:21]} 19. Nd2 {[%emt 0:24:00]} h5 {[%emt 0:05:41]} 20. Qg5 {[%emt 0:00:58]} Qxd4 {[%emt 0:01:50]} 21. Qxh5 {[%emt 0:04:22]} g6 {[%emt 0:00:12]} 22. Qg5 {[%emt 0:01:46]} Rad8 {[%emt 0:00:35]} 23. h4 {[%emt 0:00:47]} Qb4 {[%emt 0:07:30]} 24. a3 {[%emt 0:00:01]} Qb2 {[%emt 0:01:45]} 25. Nc4 {[%emt 0:00:53]} Rxd1 {[%emt 0:01:30]} 26. Nxb2 {[%emt 0:00:01]} Rxe1+ 27. Kh2 Rd7 {[%emt 0:02:46]} 28. Bd3 {[%emt 0:00:03]} Be4 {[%emt 0:01:47]} 29. Bb5 {[%emt 0:01:12]} Bc6 {[%emt 0:00:04]} 30. Bd3 {[%emt 0:00:51]} Be4 {[%emt 0:03:55]} 31. Bb5 {[%emt 0:00:02]} Bc6 {[%emt 0:00:08]} 32. Bd3 {[%emt 0:00:01]} Be4 {[%emt 0:00:05]} 33. Bb5 {[%emt 0:00:01]} Bc6 {[%emt 0:00:09]} 1/2-1/2

[Event "RUS-chT Premier 2019"]
[Site "Sochi"]
[Date "2019.05.05"]
[Round "5.9"]
[White "Geller, Jakov"]
[Black "Vlasenko, Miroslav"]
[Result "1-0"]
[WhiteElo "2518"]
[BlackElo "2424"]
[Annotator "TA"]
[PlyCount "137"]
[EventDate "2019.05.01"]
[EventType "team-tourn"]
[EventCountry "RUS"]
[SourceTitle "playchess.com"]
[Source "ChessBase"]
[SourceQuality "1"]

{[%evp 9,137,61,72,62,67,57,61,62,67,44,55,-3,0,16,43,3,56,39,49,24,16,-3,-2,-8,0,-12,0,0,0,0,0,0,22,18,32,33,26,25,34,31,33,25,25,25,17,17,22,8,41,28,37,56,56,56,56,6,12,13,127,122,147,159,283,268,390,368,356,363,479,456,478,466,689,697,689,513,520,494,633,633,618,607,661,660,616,392,392,391,357,340,340,347,367,333,370,271,285,286,286,279,279,270,235,214,602,561,711,669,600,577,851,816,1097,1123,977,985,911,853,1171,1195,1278,1196,1328,1262,5624,5595,6564,6238,5620,5113]} 1. e4 Nc6 2. Nf3 d6 3. d4 Nf6 4. c3 Bg4 5. h3 Bh5 6. Nbd2 {B00: Queen's Fianchetto Defence, Nimzowitsch Defence} e6 7. Bd3 Be7 8. O-O {White is slightly better.} d5 9. e5 Nd7 $1 10. Qb3 $146 (10. b4 $14) ({Predecessor:} 10. Re1 Bg6 11. Qe2 Bxd3 12. Qxd3 O-O 13. Nf1 Na5 {½-½ (84) Hanks,J (2166)-Teichmann,E (2365) Gold Coast 2000}) 10... Na5 $1 $11 {[%cal Ra5b3]} 11. Qa4 c6 12. Ne1 b5 (12... c5 $11) 13. Qc2 $14 Qb6 14. b4 Nc4 15. Nb3 a5 $1 16. a3 Bg6 17. Qe2 axb4 18. axb4 Rxa1 19. Nxa1 Qa7 20. Nb3 Qa4 21. Qc2 O-O 22. Bxg6 hxg6 23. Nd3 Ra8 24. Bb2 Qa7 25. Re1 Qb8 26. Bc1 Ra4 27. g3 Qa8 28. Re2 Kf8 29. Nf4 Kg8 30. h4 Qd8 31. Kg2 Nf8 32. h5 gxh5 33. Nxh5 g6 (33... Bg5 $11) 34. Nf4 $16 Kg7 35. Re1 Qa8 (35... Ra7 $16 {was worth a try.} 36. Qd1 Nh7) 36. Rh1 Nh7 (36... Qe8 $142 37. Qe2 f5 38. exf6+ Bxf6) 37. Nc5 $18 Bxc5 38. bxc5 ({Weaker is} 38. dxc5 Qb8 $14) 38... Ra2 39. Qd1 Qa4 {and if ...Qxd1 works, Black does fine.} 40. Qf3 $1 Qc2 (40... Nd2 $142 41. Bxd2 Rxd2 42. Nxe6+ {[%mdl 64] Clearance} fxe6) 41. Nd3 {Hoping for Qf4.} Ra7 42. Nb4 Qf5 43. Nxc6 Rc7 44. Bh6+ Kg8 45. Ra1 Ng5 {( -> ...Qh3+)} 46. Qxf5 gxf5 47. Bxg5 Rxc6 {[%mdl 4096] Endgame KRB-KRN} 48. Ra8+ Kh7 49. Rb8 Kg6 50. Bd8 Na3 51. Kf3 Nb1 52. Ba5 Ra6 53. Bb4 ({Inferior is} 53. Rxb5 Na3 $17) 53... Nxc3 54. Bxc3 {Strongly threatening Bb4.} Ra3 55. Rxb5 Rxc3+ {[#] KR-KR} 56. Ke2 $1 f4 $2 (56... Kg7 57. Rb8 Kg6 58. Rg8+ Kh6) 57. gxf4 {White is clearly winning.} Kf5 58. Kd2 Rc4 {[#]} 59. Kd3 $1 Rc1 60. Rb7 Rd1+ 61. Ke3 Kg6 62. f5+ exf5 63. Rb6+ Kg5 64. Rf6 Re1+ {[#]} 65. Kd2 $1 Re4 66. Kc3 Rf4 67. c6 Rf3+ 68. Kb4 Rxf2 69. Kc5 {Accuracy: White = 67%, Black = 41%.} 1-0

[Event "RUS-chT Premier 2019"]
[Site "Sochi"]
[Date "2019.05.05"]
[Round "5.10"]
[White "Lintchevski, Daniil"]
[Black "Chernobay, Artem"]
[Result "1/2-1/2"]
[WhiteElo "2525"]
[BlackElo "2503"]
[Annotator "ChessBase"]
[PlyCount "84"]
[EventDate "2019.05.01"]
[EventType "team-tourn"]
[EventCountry "RUS"]
[SourceTitle "playchess.com"]
[Source "ChessBase"]
[SourceQuality "1"]
[TimeControl "40/5400+30:1800+30"]

1. e4 {[%emt 0:00:00]} e5 {[%emt 0:00:00]} 2. Nf3 {[%emt 0:00:46]} Nc6 {[%emt 0:00:00]} 3. Bb5 {[%emt 0:00:05]} Nf6 {[%emt 0:00:00]} 4. O-O {[%emt 0:03:38]} Nxe4 {[%emt 0:00:07]} 5. Re1 {[%emt 0:02:15]} Nd6 {[%emt 0:00:09]} 6. Nxe5 {[%emt 0:00:34]} Be7 {[%emt 0:00:22]} 7. Bf1 {[%emt 0:00:49]} Nxe5 {[%emt 0:01:30]} 8. Rxe5 {[%emt 0:00:06]} O-O {[%emt 0:00:03]} 9. d4 {[%emt 0:02:53]} Bf6 {[%emt 0:02:06]} 10. Re1 {[%emt 0:00:54]} Re8 {[%emt 0:00:53]} 11. Rxe8+ {[%emt 0:02:32]} Qxe8 {[%emt 0:03:48]} 12. Bf4 {[%emt 0:02:45]} Nf5 {[%emt 0:05:11]} 13. c3 {[%emt 0:00:19]} c6 {[%emt 0:02:16]} 14. Nd2 {[%emt 0:05:06]} d5 {[%emt 0:01:17]} 15. Nf3 {[%emt 0:00:29]} Nh4 {[%emt 0:08:32]} 16. Nxh4 {[%emt 0:02:20]} Bxh4 {[%emt 0:00:06]} 17. Qd2 {[%emt 0:00:04]} Bf5 {[%emt 0:07:23]} 18. Re1 {[%emt 0:00:31]} Qd7 {[%emt 0:00:10]} 19. Bg5 {[%emt 0:00:37]} Bxg5 {[%emt 0:00:12]} 20. Qxg5 {[%emt 0:00:05]} f6 {[%emt 0:00:23]} 21. Qf4 {[%emt 0:01:02]} Bg6 {[%emt 0:03:15]} 22. h4 {[%emt 0:01:41]} h6 {[%emt 0:05:43]} 23. f3 {[%emt 0:07:10]} Re8 {[%emt 0:04:49]} 24. Rxe8+ {[%emt 0:00:34]} Qxe8 {[%emt 0:00:03]} 25. Kf2 {[%emt 0:00:12]} Qd8 {[%emt 0:01:17]} 26. a3 {[%emt 0:03:57]} a5 {[%emt 0:00:50]} 27. Be2 {[%emt 0:06:16]} Kh7 {[%emt 0:17:06]} 28. g4 {[%emt 0:02:05]} Kg8 {[%emt 0:01:56]} 29. h5 {[%emt 0:01:00]} Bb1 {[%emt 0:07:54]} 30. c4 {[%emt 0:08:59]} dxc4 {[%emt 0:06:07]} 31. Bxc4+ {[%emt 0:00:17]} Kh8 {[%emt 0:00:03]} 32. Bf7 {[%emt 0:09:16]} Bh7 {[%emt 0:01:23]} 33. Bg6 {[%emt 0:01:12]} Bg8 {[%emt 0:00:35]} 34. Qe3 {[%emt 0:00:25]} Qb6 {[%emt 0:04:52]} 35. Qc3 {[%emt 0:01:51]} Qc7 {[%emt 0:00:10]} 36. Kg2 {[%emt 0:00:20]} Qf4 {[%emt 0:00:33]} 37. Qxa5 {[%emt 0:07:06]} Qxd4 {[%emt 0:00:07]} 38. Qc3 {[%emt 0:01:32]} Qd1 {[%emt 0:01:48]} 39. Qe3 {[%emt 0:03:37]} Qd6 {[%emt 0:04:35]} 40. b4 {[%emt 0:00:00]} Qd5 {[%emt 0:00:00]} 41. Kf2 {[%emt 0:08:31]} Qd6 {[%emt 0:03:19]} 42. Kg2 {[%emt 0:02:21]} Qd5 {[%emt 0:00:05]} 1/2-1/2

[Event "RUS-chT Premier 2019"]
[Site "Sochi"]
[Date "2019.05.05"]
[Round "5.11"]
[White "Bykov, Oleg"]
[Black "Levin, Evgeny A."]
[Result "0-1"]
[WhiteElo "2395"]
[BlackElo "2516"]
[Annotator "TA"]
[PlyCount "118"]
[EventDate "2019.05.01"]
[EventType "team-tourn"]
[EventCountry "RUS"]
[SourceTitle "playchess.com"]
[Source "ChessBase"]
[SourceQuality "1"]

{[%evp 14,118,32,34,50,18,14,17,4,-91,-98,-100,-81,-91,-94,-110,-105,-160,-142,-207,-181,-214,-218,-221,-208,-218,-201,-193,-191,-194,-200,-280,-297,-274,-105,-114,-110,-116,-116,-116,-109,-107,-98,-111,-109,-116,-102,-111,-111,-177,-161,-294,-296,-270,-269,-406,-426,-411,-406,-675,-679,-670,-610,-804,-380,-374,-337,-337,-298,-284,-279,-266,-268,-311,-307,-341,-341,-344,-329,-386,-391,-417,-330,-402,-394,-398,-385,-452,-445,-438,-428,-475,-455,-480,-375,-566,-555,-516,-427,-420,-413,-487,-478,-457,-398,-398,-398]} 1. c4 Nf6 2. Nc3 e6 3. e4 d5 4. e5 d4 5. exf6 dxc3 6. bxc3 Qxf6 7. d4 e5 8. Nf3 Nc6 {A18: English Opening: Flohr-Mikenas System (1 c4 Nf6 2 Nc3 e6 3 e4)} 9. Bg5 Qg6 {Hoping for ...e4.} 10. d5 Nb8 {[%cal Bc6b8,Bb8a6,Ba6c5][%mdl 32] The position is equal.} 11. Qa4+ $146 (11. h4 $11) ({Predecessor:} 11. h4 h6 12. h5 Qa6 13. Be3 Nd7 14. Bd3 Ba3 15. O-O Qd6 16. Nh4 O-O 17. Nf5 Qf6 18. Ng3 Qh4 19. Nf5 Qf6 20. Ng3 Qh4 {½-½ (20) Anand,V (2782)-Karjakin,S (2760) London 2017}) 11... Bd7 $17 12. Qb3 Na6 13. Be3 (13. Qxb7 $2 Rb8 $19) 13... Nc5 $36 {[%mdl 2048] Keeping White busy.} 14. Qd1 Bd6 15. Be2 ({Better is} 15. h4) 15... e4 $1 {[%cal Re4f3]} 16. Ng5 (16. Nh4 $17 {was worth a try.} Qf6 {[%mdl 64] Double Attack} 17. g3) 16... O-O $19 {Threatens to win with ...h6.} 17. O-O h6 18. Bh5 Qf5 19. Nh3 g6 20. Be2 {[#]} Qe5 $1 {[%csl Gd6][%cal Re5h2][%mdl 512]} 21. Nf4 g5 $1 {[%cal Rg5f4]} ({Much less strong is} 21... Qxc3 22. Bd4 $17) 22. Bg4 Ba4 $1 {[%cal Ra4d1]} ({Not} 22... gxf4 23. Bxc5 Bxc5 24. Bxd7 $17) ({Weaker is} 22... Qxc3 23. Bxd7 Nxd7 24. Ne2 $17) 23. Qd4 {White wants to play Qxe5.} Rae8 $2 (23... Nd3 $19 {has better winning chances.} 24. Qxe5 Nxe5) 24. Qxe5 $17 Rxe5 25. Nh5 f5 26. Be2 Re7 27. Bd4 Nd7 28. f4 {[#]} exf3 $1 29. Bxf3 {[#]} b6 $1 30. Rae1 Ne5 31. Bxe5 (31. Ng3 $17 {was necessary.}) 31... Rxe5 $19 32. Ng3 (32. Rxe5 $142 Bxe5 33. Rc1) 32... Rfe8 {White must now prevent ...Bc5+.} 33. Rxe5 Rxe5 34. Bh5 (34. Bd1 $142 Bc5+ 35. Kh1 Bxd1 36. Rxd1) 34... Bc5+ 35. Kh1 Bc2 36. h4 (36. Ra1 $142) 36... f4 37. Ne2 Bd3 {[%mdl 64] Double Attack} 38. Rd1 Bxc4 (38... Bxe2 $142 39. Bxe2 Rxe2) 39. Nd4 gxh4 40. Bf3 Bxd5 41. Nc6 Bxc6 $1 42. Bxc6 {[%mdl 4096] Endgame KRB-KRB} Bd6 43. c4 Re3 44. Bd7 Kg7 45. Kg1 Kf6 46. Kf1 f3 47. gxf3 Rxf3+ 48. Kg2 Rg3+ 49. Kh1 h3 50. a4 Rc3 51. Bb5 Bf4 52. Re1 Rc2 53. Rd1 Ke5 54. Rd5+ (54. Rf1 $142) 54... Ke4 {( -> ...Rc1+)} 55. Rd1 Ke3 56. Rf1 Bd6 57. Rd1 Ke2 58. Rg1 Kd2 59. Rb1 Kc3 {Accuracy: White = 32%, Black = 84%.} 0-1